| 000 | 005170000a22001810004500 | ||
|---|---|---|---|
| 020 | _a0-89109-124-6 | ||
| 041 | 0 | _aeng | |
| 082 | 0 | 4 | _aG 253.7 N325h |
| 110 | 1 | _aMinistry of the Navigators | |
| 245 | 1 | 0 | _aA navigator guide : How to lead small group Bible studies / Ministry of the Navigators |
| 260 | _aColorado Springs, CO., USA : Navpress | ||
| 300 | _a71 Pag | ||
| 001 | 6605 | ||
| 942 | _cBK | ||
| 999 |
_c36873 _d36873 |
||
| 336 |
_atexto _btxt _2rdacontent |
||
| 337 |
_2rdamedia _asin mediación _bn |
||
| 338 |
_2rdacarrier _avolumen _bnc |
||